000 00722nam a2200205 a 4500
001 50623
003 AR-BaAGN
007 ta
008 s1948 ve |||||r|||| ||| ||spa d
040 _aAR-BaAGN
_bspa
_eaacr
100 1 _aNuñez, Enrique Bernardo
245 1 0 _aDiscurso de Enrique Bernardo Nuñez en el acto de su recepción como individuo de número de la Academia Nacional de la Historia el 24 de junio de 1948. Contestación de Mario Briceño-Iragorry /
_cEnrique Bernardo Nuñez; Mario Briceño-Iragorry.
260 _aCaracas :
_bTip. Americana,
_c1948.
300 _a44 páginas
336 _btxt
_2rdacontent
337 _bn
_2rdamedia
338 _bnc
_2rdacarrier
942 _cLIBRO
005 20230829135452.0
999 _c50623
_d50623